El Conflicto Honduras-El Salvador y el orden jurídico internacional (1969)

Guardat en:
Dades bibliogràfiques
Autor principal: Rowles, James
Format: Text
Publicat: San José: EDUCA
Etiquetes: Afegir etiqueta
Sense etiquetes, Sigues el primer a etiquetar aquest registre!

MARC

LEADER 00000 a a2200000 04500
001 24976
003
040
020 |a 84-8360-140-0  
090 |a 176700  
100 |a Rowles, James  
245 |a El Conflicto Honduras-El Salvador y el orden jurídico internacional (1969)  
260 |a San José:   |b EDUCA  
300 |a 303 p.  
999 |c 10645  |d 10645